Normal view
MARC view
- Sparkes, A.
Entry Personal Name
001 - CONTROL NUMBER
- control field: 4237
003 - CONTROL NUMBER IDENTIFIER
- control field: NUST
005 - DATE AND TIME OF LATEST TRANSACTION
- control field: 20170825112313.0
008 - FIXED-LENGTH DATA ELEMENTS
- fixed length control field: 170825|| aca||aabn | a|a d
040 ## - CATALOGING SOURCE
- Original cataloging agency: NUST
- Transcribing agency: NUST
100 ## - HEADING--PERSONAL NAME
- Personal name: Sparkes, A.
- Fuller form of name: (Andrew)
670 ## - SOURCE DATA FOUND
- Source citation: Work cat.: (NUST)0: Hodkinson, Phil. 4233, Triumphs and tears :, 1996.
